000 00386 a2200157 4500
001 61184
020 _a9783589213412
040 _cAnchieta - Pituba
100 _aGöbel, Richard
240 1 0 _aMit spielen deutsch lernen
_lpor
245 1 0 _aMit spielen deutsch lernen
300 _a150
362 0 _a2005
650 4 _aLínguas germânicas (teutônicas) língua alemã
942 _cBK
999 _c61184
_d61184